Home Print Resources E-Books E-Journals IIMT Lecture Series Library Membership Form Book Recommendation Form Campus Tour Take AdmissionAbout Us Contact Us

MONEY BANKING INTER TRADE & PUBLIC FINANCE (Record no. 2552)

000 -LEADER
fixed length control field 00381nam a2200157Ia 4500
003 - CONTROL NUMBER IDENTIFIER
control field OSt
005 - DATE AND TIME OF LATEST TRANSACTION
control field 20240101072955.0
008 - FIXED-LENGTH DATA ELEMENTS--GENERAL INFORMATION
fixed length control field 170524s9999 xx 000 0 und d
020 ## - INTERNATIONAL STANDARD BOOK NUMBER
International Standard Book Number 9789350512401
040 ## - CATALOGING SOURCE
Transcribing agency IIMT UNIVERSITY
100 ## - MAIN ENTRY--PERSONAL NAME
Personal name MITHANI- DM
100 ## - MAIN ENTRY--PERSONAL NAME
Titles and words associated with a name 2012
245 #0 - TITLE STATEMENT
Title MONEY BANKING INTER TRADE & PUBLIC FINANCE
260 ## - PUBLICATION, DISTRIBUTION, ETC.
Place of publication, distribution, etc. Himalaya Pub. House
942 ## - ADDED ENTRY ELEMENTS (KOHA)
Source of classification or shelving scheme
Koha item type Book Bank
Holdings
Withdrawn status Lost status Source of classification or shelving scheme Damaged status Not for loan Home library Current library Date acquired Barcode Date last seen Uniform Resource Identifier Price effective from Koha item type Public note Total Checkouts Total Renewals Date last checked out
          IIMT University Central Library Meerut IIMT University Central Library Meerut 05/31/2017 01-B-19826 05/31/2017 BANKING 05/31/2017 Book Bank      
          IIMT University Central Library Meerut IIMT University Central Library Meerut 05/31/2017 01-B-19827 05/31/2017 BANKING 05/31/2017 Book Bank        
          IIMT University Central Library Meerut IIMT University Central Library Meerut 05/31/2017 01-B-19828 05/31/2017 BANKING 05/31/2017 Book Bank        
          IIMT University Central Library Meerut IIMT University Central Library Meerut 05/31/2017 01-B-19829 05/31/2017 BANKING 05/31/2017 Book Bank        
          IIMT University Central Library Meerut IIMT University Central Library Meerut 05/31/2017 01-B-19830 12/28/2021 BANKING 05/31/2017 Book Bank   2 1 12/28/2021
IIMT, Central Library. All Rights Reserved IIMT,UNIVERSITY © 2023
Implemented and Customised by I CLOUDE EMS
You Are OPAC Visitor No
free web counter

Powered by Koha